00360pab a2200133 454500008004000000100001800040245007400058260000900132300001500141362000800156650001500164700001800179773002900197180718b2015 xxu||||| |||| 00| 0 eng d aMcCaig, Brain aInformal employment in a growing and globlization low- income country c2015 ap.545-550. aMay aEmployment aPavcnik, Nina aAmerican Economic Review